<?xml version="1.0" encoding="UTF-8"?>
<marc:record xmlns:marc="http://www.loc.gov/MARC21/slim">
   <marc:leader>00000nam a2200000 a 4500</marc:leader>
   <marc:datafield ind1="1" ind2=" " tag="100">
      <marc:subfield code="a">Stohner, Anu</marc:subfield>
      <marc:subfield code="4">aut</marc:subfield>
      <marc:subfield code="e">Verfasser/-in</marc:subfield>
   </marc:datafield>
   <marc:datafield ind1="1" ind2=" " tag="100">
      <marc:subfield code="a">Wilson, Henrike (Ill.)</marc:subfield>
      <marc:subfield code="4">aut</marc:subfield>
      <marc:subfield code="e">Verfasser/-in</marc:subfield>
   </marc:datafield>
   <marc:datafield ind1="0" ind2="0" tag="245">
      <marc:subfield code="a">Das Schaf Charlotte</marc:subfield>
   </marc:datafield>
   <marc:datafield ind1="0" ind2="0" tag="245">
      <marc:subfield code="c">Anu Stohner ; Henrike (Ill.) Wilson</marc:subfield>
   </marc:datafield>
   <marc:datafield ind1=" " ind2="1" tag="264">
      <marc:subfield code="a">München</marc:subfield>
      <marc:subfield code="b">Hanser</marc:subfield>
      <marc:subfield code="c">2005</marc:subfield>
   </marc:datafield>
   <marc:datafield ind1=" " ind2=" " tag="250">
      <marc:subfield code="a">M.Ill.</marc:subfield>
   </marc:datafield>
   <marc:datafield ind1="1" ind2=" " tag="520">
      <marc:subfield code="a">Charlotte ist so eine Art mentaler Wolf im Schafspelz. Mutig ist sie wie ein Tiger. Sie erklimmt die höchsten Berge, tobt über Stock uns Stein, macht auf Bäumen Nickerchen und stellt sich mutig an die befahrensten Straßen. Nachts läuft Charlotte an ihren Lieblingsplatz auf der Ruine und schaut in den Mond. Das sie ihn nicht anheult, ist noch das wenigste.&#x84;Oh, oh, oh!&#x93; sagen da die anderen, erwachsenen Schafe ihrer Herde. &#x84;Tz -- tz -- tz&#x93; machen sie, oder &#x84;auwei -- auwei -- auwei&#x93;.</marc:subfield>
   </marc:datafield>
   <marc:datafield ind1=" " ind2=" " tag="020">
      <marc:subfield code="a">3446206000</marc:subfield>
      <marc:subfield code="9">3446206000</marc:subfield>
   </marc:datafield>
   <marc:datafield ind1=" " ind2=" " tag="300">
      <marc:subfield code="a">32 gez. S.</marc:subfield>
   </marc:datafield>
</marc:record>
